Normal view
MARC view
- Malaysia.
Entry Corporate Name
001 - CONTROL NUMBER
- control field: 4208
003 - CONTROL NUMBER IDENTIFIER
- control field: OSt
005 - DATE AND TIME OF LATEST TRANSACTION
- control field: 20170515092428.0
008 - FIXED-LENGTH DATA ELEMENTS
- fixed length control field: 170515|| aca||aabn | a|a d
040 ## - CATALOGING SOURCE
- Original cataloging agency: OSt
- Transcribing agency: OSt
110 ## - HEADING--CORPORATE NAME
- Corporate name or jurisdiction name as entry element: Malaysia.
- Subordinate unit: Unit Pemodenan Tadbiran Malaysia
670 ## - SOURCE DATA FOUND
- Source citation: Work cat.: (OSt)0: Malaysia. Ketua Setiausaha Negara 551, Pembaharuan dan kemajuan dalam perkhidmatan awam Malaysia untuk tahun 1992 /, 1991

PORTAL AKMAL
E-MEL JKDM
AKMAL2U
G-BAM
u-PUSTAKA